000 00862nam a2200253 i 4500
001 bg
245 1 0 _aBezrobocie w województwie zachodniopomorskim w 2000 r. /
_c[oprac. Idalia Dąbrowska].
260 _aSzczecin :
_bUS,
_c2001.
300 _a56 s. :
_bmapy, wykr. ;
_c24 cm.
490 1 _aInformacje i Opracowania Statystyczne =
_aUrząd Statystyczny w Szczecinie
650 9 _aBezrobocie
_zPolska
_y2000 r.
651 9 _aZachodniopomorskie, województwo
_xzatrudnienie
_y2000 r.
655 _aDane statystyczne
700 1 _aDĄBROWSKA, Idalia.
_eOprac.
710 0 _aUrząd Statystyczny (Szczecin)
830 0 _aInformacje i Opracowania Statystyczne
020 _a8388718010
040 _cBPK
041 0 _apl
080 _a331.56/.57(438)"1989/..."(083.41)
920 _a83-88718-01-0
942 _cKS
008 s pl f |000 0 pol
999 _c35697
_d35697
856 _uhttp://koha.tu.koszalin.pl/cgi-bin/koha/opac-detail.pl?biblionumber=35697
_yKatalog online BPK